Cấu trúc dữ liệu và giải thuật
Zapisane w:
| Format: | Książka |
|---|---|
| Język: | Undetermined |
| Hasła przedmiotowe: | |
| Dostęp online: | http://lrc.tdmu.edu.vn/opac/search/detail.asp?aID=2&ID=7871 |
| Etykiety: |
Dodaj etykietę
Nie ma etykietki, Dołącz pierwszą etykiete!
|
| Thư viện lưu trữ: | Trung tâm Học liệu Trường Đại học Thủ Dầu Một |
|---|
| LEADER | 00480nam a2200109Ia 4500 | ||
|---|---|---|---|
| 001 | TDMU_7871 | ||
| 008 | 210410s9999 xx 000 0 und d | ||
| 082 | |a 005.73 | ||
| 245 | 0 | |a Cấu trúc dữ liệu và giải thuật | |
| 650 | |a Công nghệ thông tin; Cấu trúc dữ liệu máy tính; Thuật toán máy tính | ||
| 856 | |u http://lrc.tdmu.edu.vn/opac/search/detail.asp?aID=2&ID=7871 | ||
| 980 | |a Trung tâm Học liệu Trường Đại học Thủ Dầu Một | ||